[Event "Global Chess League 2023"]
[Site "Dubai UAE"]
[Date "2023.06.23"]
[Round "2.5"]
[White "Paehtz, Elisabeth"]
[Black "Khotenashvili, Bella"]
[Result "0-1"]
[WhiteTitle "GM"]
[BlackTitle "GM"]
[WhiteElo "2477"]
[BlackElo "2470"]
[WhiteTeam "SG Alpine Warriors"]
[BlackTeam "Ganges grandmasters"]
[WhiteFideId "4641833"]
[BlackFideId "13602640"]
[EventDate "2023.06.22"]

1. d4 Nf6 2. c4 g6 3. g3 Bg7 4. Bg2 O-O 5. Nc3 Nc6 6. e3 d6 7. Nge2 e5 8. d5 Nb8
9. O-O a5 10. Rb1 Nh5 11. a3 f5 12. f4 Nd7 13. b4 axb4 14. axb4 Re8 15. Qd3 Nhf6
16. Bd2 Qe7 17. Nb5 Ra2 18. Nec3 Rxd2 19. Qxd2 Nb6 20. Qd3 e4 21. Qe2 c6 22.
dxc6 bxc6 23. Nd4 Bd7 24. Rfc1 Ng4 25. Rd1 Qf7 26. Bf1 d5 27. cxd5 cxd5 28. h3
Nf6 29. Qa6 Rb8 30. Rbc1 Bf8 31. b5 Bc8 32. Qa2 Ra8 33. Qd2 Bb7 34. Ra1 Bc5 35.
Rxa8+ Bxa8 36. Ra1 Qe7 37. Na4 Nxa4 38. Rxa4 Bb7 39. Be2 Qd6 40. Kf2 h5 41. Qc3
Nd7 42. Ra1 Kf7 43. Rc1 Bb6 44. Nc6 h4 45. g4 Qxf4+ 46. Ke1 Bxe3 47. Rb1 Qg3+
48. Kd1 Qg1+ 49. Kc2 Qf2 50. Re1 d4 51. Qc4+ Kg7 52. Kd1 d3 53. Qc3+ Nf6 54.
gxf5 dxe2+ 55. Rxe2 Qf1+ 56. Qe1 Qxe1+ 57. Kxe1 Bf4 58. fxg6 Kxg6 59. Na5 Bd5
60. b6 e3 61. Rb2 Bf3 62. Kf1 Ne4 63. b7 e2+ 64. Rxe2 Ng3+ 65. Kf2 Bxe2 66. Nc6
Bf1 67. Kf3 Bc7 68. Kg4 Nf5 69. b8=Q Be2# 0-1

[Event "Global Chess League 2023"]
[Site "Dubai UAE"]
[Date "2023.06.23"]
[Round "2.6"]
[White "Praggnanandhaa, R"]
[Black "Esipenko, Andrey"]
[Result "1/2-1/2"]
[WhiteTitle "GM"]
[BlackTitle "GM"]
[WhiteElo "2690"]
[BlackElo "2682"]
[WhiteTeam "SG Alpine Warriors"]
[BlackTeam "Ganges grandmasters"]
[WhiteFideId "25059530"]
[BlackFideId "24175439"]
[EventDate "2023.06.22"]

1. e4 e5 2. Nf3 Nc6 3. Bb5 a6 4. Ba4 Nf6 5. O-O b5 6. Bb3 Bc5 7. c3 d6 8. d4 Bb6
9. Be3 O-O 10. Nbd2 h6 11. h3 Re8 12. a4 Rb8 13. axb5 axb5 14. Qe2 Bd7 15. d5
Ne7 16. Bxb6 Rxb6 17. Ne1 c6 18. dxc6 Nxc6 19. Nc2 Be6 20. Rfd1 Qc8 21. Ne3 Ne7
22. Bxe6 Qxe6 23. Ra5 Reb8 24. Qf3 b4 25. Rda1 bxc3 26. bxc3 Rc8 27. Ra8 Rbb8
28. Rxb8 Rxb8 29. Ra6 Rc8 30. c4 Qd7 31. Qd1 Rc6 32. Ra8+ Rc8 33. Ra6 Rc6 34.
Ra8+ Rc8 35. Ra6 Rc6 36. Qa4 Rxa6 37. Qxa6 Qc6 38. Qa7 Qd7 39. Qb8+ Kh7 40. Kh2
Nc6 41. Qb5 Nd4 42. Qxd7 Nxd7 43. Nf5 Nxf5 44. exf5 Nb6 45. Kg3 g6 46. fxg6+
Kxg6 47. Kf3 f5 48. g4 h5 49. gxf5+ Kxf5 50. Ke3 h4 51. Kf3 e4+ 52. Nxe4 Nxc4
53. Nc3 Ne5+ 54. Ke3 Ng6 55. Ne2 d5 56. Nd4+ Ke5 57. Ne2 Kf5 58. f4 Ne7 59. Nd4+
Kf6 60. Kf3 Nf5 61. Nc6 Ke6 62. Kg4 d4 63. Ne5 Ne3+ 64. Kxh4 Kf5 65. Kg3 Nd5 66.
Nd3 Ke4 67. Nc5+ Kf5 68. Nd3 1/2-1/2

[Event "Global Chess League 2023"]
[Site "Dubai UAE"]
[Date "2023.06.23"]
[Round "2.2"]
[White "Mamedyarov, Shakhriyar"]
[Black "Yu, Yangyi"]
[Result "1/2-1/2"]
[WhiteTitle "GM"]
[BlackTitle "GM"]
[WhiteElo "2740"]
[BlackElo "2734"]
[WhiteTeam "Chingari Gulf Titans"]
[BlackTeam "Triveni Continental Kings"]
[WhiteFideId "13401319"]
[BlackFideId "8603820"]
[EventDate "2023.06.22"]

1. d4 d5 2. c4 c6 3. Nc3 Nf6 4. cxd5 cxd5 5. Nf3 Nc6 6. Bf4 Bf5 7. e3 e6 8. Ne5
Nxe5 9. dxe5 Nd7 10. e4 dxe4 11. Bb5 Bc5 12. Rc1 a6 13. Bxd7+ Qxd7 14. Qxd7+
Kxd7 15. Na4 Ba7 16. Ke2 Rhc8 17. Be3 b5 18. Rhd1+ Ke8 19. Rxc8+ Rxc8 20. Bxa7
bxa4 21. Ke3 a3 22. Bd4 axb2 23. Bxb2 Rc5 24. Rc1 Ra5 25. a3 Rb5 26. Bd4 Kd7 27.
h4 h6 28. Kf4 Rb3 29. Rc3 Rxc3 30. Bxc3 h5 1/2-1/2

[Event "Global Chess League 2023"]
[Site "Dubai UAE"]
[Date "2023.06.23"]
[Round "2.4"]
[White "Kosteniuk, Alexandra"]
[Black "Lagno, Kateryna"]
[Result "1/2-1/2"]
[WhiteTitle "GM"]
[BlackTitle "GM"]
[WhiteElo "2523"]
[BlackElo "2552"]
[WhiteTeam "Chingari Gulf Titans"]
[BlackTeam "Triveni Continental Kings"]
[WhiteFideId "4128125"]
[BlackFideId "14109336"]
[EventDate "2023.06.22"]

1. e4 e5 2. Nf3 Nc6 3. Bb5 Nf6 4. O-O Nxe4 5. Re1 Nd6 6. Nxe5 Be7 7. Bf1 Nxe5 8.
Rxe5 O-O 9. d4 Bf6 10. Re1 Re8 11. Bf4 Rxe1 12. Qxe1 Ne8 13. c3 d5 14. Nd2 Bf5
15. Qe3 Nd6 16. Qg3 Bh4 17. Qf3 Bg5 18. Bxd6 Qxd6 19. Qxf5 Bxd2 20. Rd1 g6 21.
Qe5 Bf4 22. Qxd6 Bxd6 23. Re1 Kf8 24. g3 Re8 25. Rxe8+ Kxe8 26. Bg2 c6 27. Kf1
Ke7 28. Ke2 Kd7 29. Ke3 Ke6 30. Ke2 Ke7 31. Ke3 Ke6 32. Ke2 Ke7 1/2-1/2

[Event "Global Chess League 2023"]
[Site "Dubai UAE"]
[Date "2023.06.23"]
[Round "2.5"]
[White "Shuvalova, Polina"]
[Black "Dzagnidze, Nana"]
[Result "1/2-1/2"]
[WhiteTitle "IM"]
[BlackTitle "GM"]
[WhiteElo "2496"]
[BlackElo "2510"]
[WhiteTeam "Chingari Gulf Titans"]
[BlackTeam "Triveni Continental Kings"]
[WhiteFideId "24171760"]
[BlackFideId "13601903"]
[EventDate "2023.06.22"]

1. e4 c6 2. d4 d5 3. exd5 cxd5 4. c4 Nf6 5. Nc3 e6 6. Nf3 Bb4 7. cxd5 Nxd5 8.
Bd2 Nc6 9. Bd3 O-O 10. O-O h6 11. Qe2 Nf6 12. Rad1 Be7 13. Ne4 Qd5 14. a3 Rd8
15. Rfe1 Bd7 16. Bb1 Be8 17. Nxf6+ Bxf6 18. Qd3 g6 19. Be3 Rac8 20. h4 Bg7 21.
Qd2 Qh5 22. Qe2 Ne7 23. Bf4 Bc6 24. Ne5 Qxe2 25. Rxe2 Ba4 26. Rde1 Rxd4 27. Bg3
Nf5 28. Bxf5 gxf5 29. Nf3 Rd5 30. Be5 Bd1 31. Re3 Bxf3 32. Bxg7 Kxg7 33. Rxf3
Rc2 34. b4 Rc4 35. g3 Kf6 36. Kg2 Rd2 37. Ree3 b5 38. Rd3 Rcc2 39. Rxd2 Rxd2 40.
Rc3 Ra2 41. Kf3 a6 42. Ke3 Ke5 43. Rc5+ Kd6 44. Rc3 e5 45. Rd3+ Ke6 46. Rc3 Kd5
47. Rc5+ Kd6 48. Rc3 h5 49. Rd3+ Ke6 50. Rc3 Kd5 51. Rc5+ Kd6 52. Rc3 Ra1 53.
Rd3+ Ke6 54. Rc3 Kd5 55. Rc5+ Kd6 56. Rc3 f6 57. Rd3+ Ke6 58. Rc3 Kd5 59. Rc5+
Kd6 60. Rc3 Rh1 61. Rd3+ Ke6 62. Rc3 Kd5 63. Rc5+ Kd6 64. Rc8 Ra1 65. Rc3 Re1+
66. Kd2 Ra1 67. Ke3 1/2-1/2

[Event "Global Chess League 2023"]
[Site "Dubai UAE"]
[Date "2023.06.23"]
[Round "2.6"]
[White "Nihal, Sarin"]
[Black "Bjerre, Jonas Buhl"]
[Result "1-0"]
[WhiteTitle "GM"]
[BlackTitle "GM"]
[WhiteElo "2681"]
[BlackElo "2624"]
[WhiteTeam "Chingari Gulf Titans"]
[BlackTeam "Triveni Continental Kings"]
[WhiteFideId "25092340"]
[BlackFideId "1444948"]
[EventDate "2023.06.22"]

1. d4 Nf6 2. c4 e6 3. Nc3 Bb4 4. e3 O-O 5. Bd2 d5 6. Nf3 b6 7. cxd5 exd5 8. Rc1
Bb7 9. Bd3 Re8 10. Nb5 Bxd2+ 11. Qxd2 c6 12. Nc3 Nbd7 13. O-O Qe7 14. b3 Ne4 15.
Qb2 Nd6 16. Ne2 c5 17. Rc2 Rac8 18. Rfc1 Qf6 19. dxc5 Qxb2 20. Rxb2 bxc5 21.
Rbc2 a5 22. h3 a4 23. Rd2 axb3 24. axb3 Nf6 25. Ra2 Nfe4 26. Bxe4 Nxe4 27. Ra7
Bc6 28. b4 Bb5 29. Nf4 cxb4 30. Rb1 Rc2 31. Nd4 Rc5 32. Rxb4 Rc1+ 33. Kh2 Bc4
34. Rbb7 g5 35. Rxf7 gxf4 36. Rg7+ Kh8 37. Rxh7+ Kg8 38. Rag7+ Kf8 39. Nf5 1-0

[Event "Global Chess League 2023"]
[Site "Dubai UAE"]
[Date "2023.06.24"]
[Round "3.1"]
[White "Aronian, Levon"]
[Black "Carlsen, Magnus"]
[Result "1/2-1/2"]
[WhiteTitle "GM"]
[BlackTitle "GM"]
[WhiteElo "2742"]
[BlackElo "2853"]
[WhiteTeam "Triveni Continental Kings"]
[BlackTeam "SG Alpine Warriors"]
[WhiteFideId "13300474"]
[BlackFideId "1503014"]
[EventDate "2023.06.22"]

1. d4 Nf6 2. c4 g6 3. Nf3 Bg7 4. g3 b6 5. Bg2 Bb7 6. O-O O-O 7. Nc3 Ne4 8. Nxe4
Bxe4 9. Be3 d6 10. Qd2 Nd7 11. Bh6 Nf6 12. Rfd1 c5 13. Rac1 Qc7 14. b3 Rfd8 15.
Bxg7 Kxg7 16. d5 b5 17. Bh3 bxc4 18. bxc4 Bxf3 19. exf3 Rab8 20. Re1 Rb7 21. g4
Kg8 22. g5 Nh5 23. Bg4 Ng7 24. f4 Rdb8 25. Kg2 Rb2 26. Rc2 Rxc2 27. Qxc2 Qb7 28.
f5 Qd7 29. h4 Nxf5 30. Bxf5 Qxf5 31. Qxf5 gxf5 32. Rxe7 Rb4 33. Rxa7 Rxc4 34.
Ra6 Rxh4 35. Rxd6 Rd4 36. Rd8+ Kg7 37. d6 c4 38. a4 Rd5 39. d7 c3 40. a5 c2 41.
Rc8 Rxd7 42. Rxc2 Ra7 43. Rc5 Kg6 44. f4 Rd7 45. Rc3 Rd2+ 46. Kf3 Ra2 47. Rc6+
Kg7 48. a6 Ra3+ 49. Ke2 Ra4 50. Ke3 Re4+ 51. Kf3 Ra4 52. Rd6 Ra3+ 53. Ke2 Ra4
54. Ke3 Re4+ 55. Kd3 Rxf4 56. Rd4 Rf3+ 57. Kc4 Ra3 58. Kb5 Kg6 59. Ra4 Rb3+ 60.
Kc6 Rc3+ 61. Kb6 Rb3+ 62. Ka5 Rb8 63. a7 Ra8 64. Kb6 Kxg5 65. Kb7 Re8 66. Rc4 f4
67. Rc8 Re7+ 68. Rc7 Re8 69. Rc8 Re7+ 70. Rc7 Re8 1/2-1/2

[Event "Global Chess League 2023"]
[Site "Dubai UAE"]
[Date "2023.06.24"]
[Round "3.5"]
[White "Dzagnidze, Nana"]
[Black "Paehtz, Elisabeth"]
[Result "1/2-1/2"]
[WhiteTitle "GM"]
[BlackTitle "GM"]
[WhiteElo "2510"]
[BlackElo "2477"]
[WhiteTeam "Triveni Continental Kings"]
[BlackTeam "SG Alpine Warriors"]
[WhiteFideId "13601903"]
[BlackFideId "4641833"]
[EventDate "2023.06.22"]

1. d4 e6 2. c4 Bb4+ 3. Bd2 a5 4. e4 d5 5. cxd5 exd5 6. e5 Nc6 7. a3 Bxd2+ 8.
Qxd2 Nge7 9. Bb5 O-O 10. Ne2 b6 11. Nbc3 Ba6 12. Bxa6 Rxa6 13. O-O Qd7 14. Rac1
Nd8 15. Qd3 Ra8 16. f4 f5 17. Qb5 Qxb5 18. Nxb5 c6 19. Nd6 Nc8 20. Nxc8 Rxc8 21.
Rf3 Rf7 22. Rb3 Rb7 23. Kf2 Ne6 24. Ke3 h5 25. h4 Rbb8 26. g3 c5 27. Rbc3 Kf7
28. a4 g6 29. Kd2 Ke7 30. b3 Kd7 31. Ke3 Ke7 32. R1c2 Kd7 33. Rc1 Ke7 34. R1c2
Kd7 1/2-1/2

[Event "Global Chess League 2023"]
[Site "Dubai UAE"]
[Date "2023.06.24"]
[Round "3.6"]
[White "Bjerre, Jonas Buhl"]
[Black "Praggnanandhaa, R"]
[Result "0-1"]
[WhiteTitle "GM"]
[BlackTitle "GM"]
[WhiteElo "2624"]
[BlackElo "2690"]
[WhiteTeam "Triveni Continental Kings"]
[BlackTeam "SG Alpine Warriors"]
[WhiteFideId "1444948"]
[BlackFideId "25059530"]
[EventDate "2023.06.22"]

1. e4 c5 2. Nf3 Nc6 3. d4 cxd4 4. Nxd4 Nf6 5. Nc3 d6 6. f3 e5 7. Nb3 Be7 8. Be3
Be6 9. Qe2 O-O 10. O-O-O Qc8 11. a3 Rb8 12. Kb1 b5 13. Nd5 Bd8 14. Nxf6+ Bxf6
15. Rxd6 Be7 16. Rd5 a6 17. Qe1 Bxd5 18. exd5 Nd8 19. Bd2 Nb7 20. Bd3 Qc7 21. g4
Rfe8 22. h4 Nd6 23. Na5 Qc5 24. Nc6 Rbc8 25. Be4 Nxe4 26. Qxe4 Qc4 27. g5 Qxe4
28. fxe4 Rxc6 29. dxc6 Rc8 30. Bb4 Bxb4 31. axb4 Rxc6 32. b3 f6 33. Kb2 Kf7 34.
Rd1 fxg5 35. Rd7+ Kg6 36. hxg5 h5 37. gxh6 gxh6 38. Kc1 h5 39. Rd8 h4 40. Rh8
Kg5 41. Kd2 Rg6 42. Ke3 Kg4 43. c4 Kg3 44. Rf8 h3 45. Rf3+ Kh4 46. Rf8 Kg3 47.
Rf3+ Kg2 48. Rf2+ Kg1 49. Ra2 Rg3+ 0-1

[Event "Global Chess League 2023"]
[Site "Dubai UAE"]
[Date "2023.06.24"]
[Round "3.1"]
[White "Anand, Viswanathan"]
[Black "Nepomniachtchi, Ian"]
[Result "1/2-1/2"]
[WhiteTitle "GM"]
[BlackTitle "GM"]
[WhiteElo "2754"]
[BlackElo "2779"]
[WhiteTeam "Ganges grandmasters"]
[BlackTeam "Balan Alaskan knights"]
[WhiteFideId "5000017"]
[BlackFideId "4168119"]
[EventDate "2023.06.22"]

1. e4 e5 2. Nf3 Nf6 3. Nxe5 d6 4. Nf3 Nxe4 5. d4 d5 6. Bd3 Bd6 7. O-O O-O 8. c4
c6 9. cxd5 cxd5 10. Nc3 Nxc3 11. bxc3 Bg4 12. Rb1 Nd7 13. h3 Bh5 14. Rb5 Nf6 15.
Bg5 a6 16. Bxf6 Qxf6 17. Rxd5 Bxf3 18. Qxf3 Qxf3 19. gxf3 Rfd8 20. c4 Ba3 21.
Be4 Rxd5 22. Bxd5 Rd8 23. Bxb7 Rxd4 24. Bxa6 Rd2 25. Rb1 g6 26. Rb5 Rxa2 27. Bb7
Rb2 28. Bd5 Rxb5 29. cxb5 Bc5 30. Kg2 Kg7 1/2-1/2

[Event "Global Chess League 2023"]
[Site "Dubai UAE"]
[Date "2023.06.24"]
[Round "3.2"]
[White "Rapport, Richard"]
[Black "Abdusattorov, Nodirbek"]
[Result "1/2-1/2"]
[WhiteTitle "GM"]
[BlackTitle "GM"]
[WhiteElo "2752"]
[BlackElo "2732"]
[WhiteTeam "Ganges grandmasters"]
[BlackTeam "Balan Alaskan knights"]
[WhiteFideId "738590"]
[BlackFideId "14204118"]
[EventDate "2023.06.22"]

1. e4 e5 2. Bc4 Nf6 3. d3 c6 4. Bb3 d5 5. Nf3 Bb4+ 6. Bd2 Bxd2+ 7. Nbxd2 Nbd7 8.
O-O O-O 9. Re1 Qc7 10. d4 exd4 11. exd5 cxd5 12. Nf1 Nc5 13. Qxd4 Bf5 14. Ne3
Be4 15. Nxd5 Bxd5 16. Bxd5 Rfd8 17. c4 Ne6 18. Qe5 Nxd5 19. cxd5 Qxe5 20. Rxe5
Nf4 21. Rd1 Rac8 22. d6 Ne6 23. g3 Rc2 24. Rb5 b6 25. a4 f6 26. a5 bxa5 27. Rxa5
Rxb2 28. Rxa7 Rb6 29. d7 Kf7 30. Nh4 g6 31. Ng2 Rc6 32. Ne3 Rc7 33. Rxc7 Nxc7
34. Nc4 Ke7 35. Nb6 Ne6 36. Re1 Kf7 37. Rc1 Ke7 38. Rc6 f5 39. Kg2 Rb8 40. h4
Nd8 41. Nd5+ Kxd7 42. Ra6 Ne6 43. Nf6+ Ke7 44. Nxh7 Rb7 45. f4 Kf7 46. Kh3 Re7
47. h5 gxh5 48. Kh4 Ng7 49. Ng5+ Kg8 50. Nf3 Re6 51. Ra8+ Re8 52. Ra7 Re3 53.
Ra8+ Re8 54. Ra7 Re3 55. Nd4 Rd3 56. Nc6 Rc3 57. Ne7+ Kf8 58. Ng6+ Kg8 59. Rb7
Kh7 60. Ne7 Rc5 61. Rd7 Ra5 62. Nc6 Ra1 63. Ne7 Ra5 64. Kg5 Ne6+ 65. Kxh5 Ng7+
66. Kh4 Rb5 67. Ra7 Rc5 68. Kg5 Ne6+ 69. Kf6 Ng7 70. Nd5 Rc6+ 71. Ke5 Re6+ 72.
Kd4 Kg6 73. Ne7+ Kf6 74. Nd5+ Kg6 75. Ra5 Nh5 76. Ra3 Re1 77. Ra6+ Kf7 78. Ra7+
Kg6 79. Ra6+ Kf7 80. Ra3 Rg1 81. Ra7+ Kg6 82. Ra6+ Kf7 83. Ke5 Nxg3 84. Ra7+ Kg6
85. Ne7+ Kh5 86. Nxf5 Re1+ 87. Kf6 Ne4+ 88. Kf7 Kg4 89. Ne7 1/2-1/2

[Event "Global Chess League 2023"]
[Site "Dubai UAE"]
[Date "2023.06.24"]
[Round "3.3"]
[White "Dominguez Perez, Leinier"]
[Black "Radjabov, Teimour"]
[Result "1-0"]
[WhiteTitle "GM"]
[BlackTitle "GM"]
[WhiteElo "2739"]
[BlackElo "2747"]
[WhiteTeam "Ganges grandmasters"]
[BlackTeam "Balan Alaskan knights"]
[WhiteFideId "3503240"]
[BlackFideId "13400924"]
[EventDate "2023.06.22"]

1. e4 c5 2. Nf3 Nc6 3. d4 cxd4 4. Nxd4 Nf6 5. Nc3 e5 6. Ndb5 d6 7. Bg5 a6 8. Na3
b5 9. Nd5 Be7 10. Bxf6 Bxf6 11. c3 O-O 12. Nc2 Rb8 13. h4 Be6 14. Nce3 Be7 15.
Bd3 Qd7 16. Bc2 Bd8 17. Qd3 Ne7 18. O-O-O Bxd5 19. Nxd5 Nxd5 20. Qxd5 b4 21.
cxb4 Qa7 22. a3 Bb6 23. Kb1 Bxf2 24. Bb3 Bd4 25. Rc1 a5 26. bxa5 Qa6 27. Ka2 Qe2
28. Rb1 Kh8 29. Rhc1 Rfc8 30. Rxc8+ Rxc8 31. Qxf7 h6 32. h5 Ra8 33. a6 Qxa6 34.
Rf1 Qc8 35. Qg6 d5 36. Rf7 Qg8 37. Bxd5 Rb8 38. b4 Rc8 39. Rc7 Qf8 40. Qf7 1-0

[Event "Global Chess League 2023"]
[Site "Dubai UAE"]
[Date "2023.06.24"]
[Round "3.4"]
[White "Hou, Yifan"]
[Black "Tan, Zhongyi"]
[Result "0-1"]
[WhiteTitle "GM"]
[BlackTitle "GM"]
[WhiteElo "2628"]
[BlackElo "2523"]
[WhiteTeam "Ganges grandmasters"]
[BlackTeam "Balan Alaskan knights"]
[WhiteFideId "8602980"]
[BlackFideId "8603642"]
[EventDate "2023.06.22"]

1. e4 e5 2. Nf3 Nf6 3. Nc3 Nc6 4. Bb5 Bb4 5. O-O O-O 6. d3 Bxc3 7. bxc3 d6 8.
Bg5 Ne7 9. Re1 Ng6 10. d4 h6 11. Bd2 Bd7 12. Bd3 Re8 13. h3 b6 14. Nh2 c5 15.
Ng4 Nxg4 16. hxg4 cxd4 17. cxd4 exd4 18. Bc4 Rc8 19. Bb3 Qf6 20. Qe2 Ne5 21. f3
Be6 22. Ba4 Bc4 23. Qf2 b5 24. Bb3 Bxb3 25. axb3 Rxc2 26. Qe2 Rec8 27. Rxa7 Rb2
28. f4 Ng6 29. Qd3 Rcc2 30. e5 dxe5 31. fxe5 Qe6 32. Re2 Qxg4 33. e6 fxe6 34.
Ra1 Kh7 35. Rae1 e5 36. Rf2 Qe6 37. Ree2 Qxb3 38. Qf5 Qg3 39. Be1 Rxe2 40. Rxe2
Qb3 41. Rxe5 Qc2 42. Qxc2 Rxc2 43. Rxb5 Nf4 44. Rf5 g5 45. g3 Kg6 46. Rb5 Rc1
47. gxf4 Rxe1+ 48. Kf2 Re4 49. Rb6+ Kf5 50. fxg5 hxg5 51. Kg3 Re3+ 52. Kf2 g4
53. Rd6 g3+ 54. Kg2 Ke4 55. Re6+ Kd3 56. Rd6 Kc3 57. Rc6+ Kd2 58. Ra6 d3 59.
Ra2+ Kc3 60. Ra3+ Kb2 0-1

[Event "Global Chess League 2023"]
[Site "Dubai UAE"]
[Date "2023.06.24"]
[Round "3.5"]
[White "Khotenashvili, Bella"]
[Black "Batsiashvili, Nino"]
[Result "1-0"]
[WhiteTitle "GM"]
[BlackTitle "GM"]
[WhiteElo "2470"]
[BlackElo "2470"]
[WhiteTeam "Ganges grandmasters"]
[BlackTeam "Balan Alaskan knights"]
[WhiteFideId "13602640"]
[BlackFideId "13602993"]
[EventDate "2023.06.22"]

1. Nf3 Nf6 2. g3 c5 3. Bg2 Nc6 4. O-O e5 5. c4 d5 6. cxd5 Nxd5 7. Nc3 Be6 8. d3
Be7 9. Bd2 O-O 10. Rc1 h6 11. a3 a5 12. Nxd5 Bxd5 13. Bc3 Bf6 14. Qa4 Rc8 15.
Rfd1 b6 16. Nd2 Bxg2 17. Kxg2 Bg5 18. Qb5 Re8 19. Rc2 Bxd2 20. Rdxd2 Re6 21. Rc1
h5 22. h4 Rg6 23. Kh2 Qf6 24. Rf1 Ne7 25. Qd7 Rc6 26. f4 Re6 27. Rf3 Rxg3 28.
Qd8+ Kh7 29. Rxg3 Qxh4+ 30. Kg2 Qxf4 31. e3 Qh6 32. Rf2 h4 33. Rh3 Qg5+ 34. Kf1
Qg4 35. Rhf3 h3 36. Rxf7 Rh6 37. Qxe7 Qd1+ 38. Be1 Qxd3+ 39. Re2 Qg6 40. Rxg7+
Qxg7 41. Qxg7+ Kxg7 42. Bg3 Kf6 43. Kg1 Kf5 44. e4+ Kg4 45. Bxe5 Kf3 46. Re1 Re6
47. Bc7 a4 48. e5 b5 49. Bd6 c4 50. Kh2 Kf2 51. Re4 Kf3 52. Rh4 Ke3 53. Rxh3+
Kd2 54. Bb4+ Kc2 55. Bc3 Re8 56. Re3 Re6 57. Kg2 Kb3 58. Kf3 1-0

[Event "Global Chess League 2023"]
[Site "Dubai UAE"]
[Date "2023.06.24"]
[Round "3.6"]
[White "Esipenko, Andrey"]
[Black "Sadhwani, Raunak"]
[Result "1-0"]
[WhiteTitle "GM"]
[BlackTitle "GM"]
[WhiteElo "2682"]
[BlackElo "2603"]
[WhiteTeam "Ganges grandmasters"]
[BlackTeam "Balan Alaskan knights"]
[WhiteFideId "24175439"]
[BlackFideId "35093487"]
[EventDate "2023.06.22"]

1. Nf3 d5 2. g3 g6 3. Bg2 Bg7 4. d4 Nf6 5. O-O O-O 6. c4 dxc4 7. Na3 c5 8. dxc5
c3 9. Nb5 Na6 10. Nxc3 Nxc5 11. Be3 Nfe4 12. Qe1 Nxc3 13. Bxc5 Na4 14. Rd1 Qe8
15. Bd4 e5 16. Be3 e4 17. Ng5 f5 18. Bd4 h6 19. Nh3 g5 20. Bxg7 Kxg7 21. b3 Nb6
22. Qc3+ Kh7 23. f3 exf3 24. exf3 Bd7 25. Rfe1 Qf7 26. f4 g4 27. Nf2 Rac8 28.
Qb4 Rfe8 29. Nd3 Be6 30. Ne5 Qe7 31. Qxe7+ Rxe7 32. Nxg4 fxg4 33. f5 Rce8 34.
fxe6 Rxe6 35. Rxe6 Rxe6 36. Bxb7 a5 37. Kf2 h5 38. a4 Kg7 39. Rc1 Re7 40. Bg2
Rf7+ 41. Ke3 Re7+ 42. Kf4 Re2 43. Be4 Kf8 44. Rc5 Rxh2 45. Rxa5 Ke7 46. Rb5 Nd7
47. Bf5 Nf6 48. Kg5 Ne8 49. Re5+ Kd8 50. Bg6 Nd6 51. Bxh5 Rb2 52. Re3 1-0

[Event "Global Chess League 2023"]
[Site "Dubai UAE"]
[Date "2023.06.24"]
[Round "3.2"]
[White "Grischuk, Alexander"]
[Black "Mamedyarov, Shakhriyar"]
[Result "1/2-1/2"]
[WhiteTitle "GM"]
[BlackTitle "GM"]
[WhiteElo "2736"]
[BlackElo "2740"]
[WhiteTeam "Upgrad mumba masters"]
[BlackTeam "Chingari Gulf Titans"]
[WhiteFideId "4126025"]
[BlackFideId "13401319"]
[EventDate "2023.06.22"]

1. d4 d5 2. Nf3 Nf6 3. c4 e6 4. g3 dxc4 5. Bg2 Nbd7 6. O-O Be7 7. Qc2 a6 8. Nfd2
Nb6 9. e3 c5 10. dxc5 Bxc5 11. Nxc4 Nxc4 12. Qxc4 Qe7 13. Nd2 O-O 14. Ne4 Nxe4
15. Qxe4 Rd8 16. b3 Bd7 17. Bb2 Bc6 18. Qc2 Rac8 19. Bxc6 Rxc6 20. Qe2 e5 21.
Rfd1 f6 22. Rxd8+ Qxd8 23. Rd1 Qc8 24. Qc4+ Kh8 25. Qd5 Bd6 26. Kg2 h6 27. Rc1
Rxc1 28. Bxc1 Qxc1 29. Qxd6 Qc2 30. Qb8+ Kh7 31. Qxb7 Qxa2 1/2-1/2

[Event "Global Chess League 2023"]
[Site "Dubai UAE"]
[Date "2023.06.24"]
[Round "3.4"]
[White "Koneru, Humpy"]
[Black "Kosteniuk, Alexandra"]
[Result "1/2-1/2"]
[WhiteTitle "GM"]
[BlackTitle "GM"]
[WhiteElo "2567"]
[BlackElo "2523"]
[WhiteTeam "Upgrad mumba masters"]
[BlackTeam "Chingari Gulf Titans"]
[WhiteFideId "5008123"]
[BlackFideId "4128125"]
[EventDate "2023.06.22"]

1. d4 e6 2. c4 f5 3. Nf3 Nf6 4. g3 Be7 5. Bg2 O-O 6. O-O d6 7. b3 a5 8. Bb2 a4
9. b4 d5 10. a3 Bd7 11. Qc2 Be8 12. Nbd2 c6 13. Ne5 Nbd7 14. Ndf3 Bd6 15. Bc1 h6
16. Bf4 Nb8 17. Nd3 Be7 18. Nc5 Qc8 19. Nxa4 Nbd7 20. c5 Ne4 21. Ne5 Nxe5 22.
Nb6 Qd8 23. Bxe5 Ra6 24. a4 Nf6 25. Qb3 Ng4 26. b5 Ra7 27. f4 Nxe5 28. fxe5 Bg5
29. e3 Qc7 30. bxc6 Bxc6 31. Bf3 Bd8 32. a5 g5 33. g4 f4 34. Be2 Qg7 35. Bb5 Bc7
36. Bxc6 bxc6 37. e4 Qg6 38. exd5 exd5 39. Nd7 Qe6 40. Nxf8 Qxg4+ 41. Kh1 Kxf8
42. Qf3 Qxf3+ 43. Rxf3 Rxa5 44. Rxa5 Bxa5 45. Ra3 Bd2 46. Kg2 Be3 47. Ra4 h5 48.
Ra6 Bxd4 49. Rxc6 Ke7 50. Rg6 g4 51. Rg7+ Kd8 52. c6 f3+ 53. Kh1 Bxe5 54. Rd7+
Kc8 55. Rxd5 f2 56. Kg2 Bxh2 57. Rxh5 Bd6 58. Kxf2 Kc7 59. Rg5 g3+ 60. Kf3 Kxc6
61. Ke4 Bc7 62. Kd4 Kb7 63. Kc5 g2 64. Rxg2 Bf4 65. Rb2+ Ka8 66. Kb6 Be3+ 67.
Ka6 Ba7 68. Ra2 Be3 69. Re2 Ba7 70. Re7 Bb8 71. Kb6 Bg3 72. Re8+ Bb8 73. Re2
Ba7+ 74. Kc7 Bb8+ 75. Kc6 Ba7 76. Ra2 Kb8 77. Rb2+ Ka8 78. Kc7 Be3 79. Re2 Bg1
80. Re8+ Ka7 81. Re1 Bh2+ 82. Kc6 Bg3 83. Ra1+ Kb8 84. Rb1+ Ka7 85. Rb7+ Ka8 86.
Rb3 Bh2 87. Ra3+ Kb8 88. Ra2 Bf4 89. Rf2 Be3 90. Rf8+ Ka7 91. Rf3 Bg1 92. Rg3
Bd4 93. Ra3+ Kb8 94. Rd3 Bg1 95. Rd8+ Ka7 96. Rd7+ Kb8 97. Rb7+ Ka8 98. Rb1 Ba7
99. Kc7 Bf2 100. Ra1+ Ba7 101. Rf1 Bd4 102. Rf5 Bg1 103. Ra5+ Ba7 104. Rh5 Bf2
105. Ra5+ Ba7 106. Rf5 Bg1 107. Rf8+ Ka7 108. Rf1 Bh2+ 109. Kc6 Be5 110. Rf5 Bh2
111. Rf7+ Ka8 112. Rf8+ Ka7 113. Rh8 Bg3 114. Rh3 Be5 115. Ra3+ Kb8 116. Ra4 Bh2
117. Rb4+ 1/2-1/2

[Event "Global Chess League 2023"]
[Site "Dubai UAE"]
[Date "2023.06.24"]
[Round "3.5"]
[White "Dronavalli, Harika"]
[Black "Shuvalova, Polina"]
[Result "1/2-1/2"]
[WhiteTitle "GM"]
[BlackTitle "IM"]
[WhiteElo "2510"]
[BlackElo "2496"]
[WhiteTeam "Upgrad mumba masters"]
[BlackTeam "Chingari Gulf Titans"]
[WhiteFideId "5015197"]
[BlackFideId "24171760"]
[EventDate "2023.06.22"]

1. Nf3 d5 2. g3 g6 3. Bg2 Bg7 4. d4 Nf6 5. c4 c6 6. O-O O-O 7. Ne5 Ng4 8. cxd5
cxd5 9. Bf4 Nxe5 10. Bxe5 Bxe5 11. dxe5 Nc6 12. Qxd5 Qxd5 13. Bxd5 Nxe5 14. Nc3
Bd7 15. Rfd1 Bc6 16. Bxc6 Nxc6 17. Rd7 Rab8 18. Nd5 e6 19. Nf6+ Kg7 20. Ne4 Rfd8
21. Rad1 h6 22. f4 e5 23. fxe5 Rxd7 24. Rxd7 Nxe5 25. Re7 Nc6 26. Rd7 Ne5 27.
Re7 Nc6 28. Rc7 Ne5 29. Nc5 b6 30. Nd7 Nxd7 31. Rxd7 Rc8 32. Rxa7 Rc2 33. b4
Rxe2 34. a4 Rb2 35. b5 Ra2 36. Ra6 h5 37. Rxb6 Rxa4 38. h4 Ra2 39. Rc6 Rb2 40.
b6 Kf8 41. Kf1 Ke8 42. Ke1 Kd7 43. Rf6 Ke7 44. Rc6 Kd7 45. Rc7+ Kd8 46. Rb7 Kc8
47. Rxf7 Rxb6 48. Kf2 Kd8 49. Kf3 Ke8 50. Rc7 Rb4 51. Rg7 Rg4 52. Ra7 1/2-1/2